45 năm hoạt động của Đảng Lao Động Việt Nam : 1930-1975 tập ảnh
Đã lưu trong:
| Định dạng: | Sách giấy |
|---|---|
| Ngôn ngữ: | Vietnamese |
| Được phát hành: |
Sài Gòn :
Cục xuất bản báo chí,
1975.
|
| Các nhãn: |
Thêm thẻ
Không có thẻ, Là người đầu tiên thẻ bản ghi này!
|
| Thư viện lưu trữ: | Thư viện Trường Đại học Đà Lạt |
|---|
| LEADER | 00646nam a2200265 4500 | ||
|---|---|---|---|
| 001 | DLU130155824 | ||
| 005 | ##20131029 | ||
| 040 | # | # | |a DLU |b vie |
| 041 | # | # | |a vie |
| 044 | # | # | |a vn |
| 082 | # | # | |a 324.259 775 |b Nam |
| 245 | # | # | |a 45 năm hoạt động của Đảng Lao Động Việt Nam : |b 1930-1975 tập ảnh |
| 260 | # | # | |a Sài Gòn : |b Cục xuất bản báo chí, |c 1975. |
| 300 | # | # | |a 117 tr. ; |c 30 cm. |
| 923 | # | # | |a TL |
| 991 | # | # | |a SH |
| 992 | # | # | |a 4,50 |
| 994 | # | # | |a DLU |
| 900 | # | # | |a True |
| 911 | # | # | |a Trương Thị Mỹ Lệ |
| 925 | # | # | |a G |
| 926 | # | # | |a A |
| 927 | # | # | |a SH |
| 980 | # | # | |a Thư viện Trường Đại học Đà Lạt |